| 000 | 00388nam a2200157Ia 4500 | ||
|---|---|---|---|
| 008 | 230711s9999||||xx |||||||||||||| ||und|| | ||
| 041 | _aENG | ||
| 082 |
_a624 _bMO-H |
||
| 100 | _aModi, P.N. | ||
| 245 | 0 | _aHydraulic and fluid mechanics | |
| 250 | _a1st Ed. | ||
| 260 |
_c1994 _aNew Delhi _bPradeep publishers |
||
| 650 | _aMechanical Engineering | ||
| 700 | _aSeth, S.M | ||
| 942 | _cBK | ||
| 999 |
_c2934 _d2934 |
||